<?xml version="1.0" encoding="UTF-8"?>
<record
    xmlns:xsi="http://www.w3.org/2001/XMLSchema-instance"
    xsi:schemaLocation="http://www.loc.gov/MARC21/slim http://www.loc.gov/standards/marcxml/schema/MARC21slim.xsd"
    xmlns="http://www.loc.gov/MARC21/slim">

  <leader>01456nam a22001457a 4500</leader>
  <datafield tag="999" ind1=" " ind2=" ">
    <subfield code="c">526167</subfield>
    <subfield code="d">526167</subfield>
  </datafield>
  <controlfield tag="008">240514b           ||||| |||| 00| 0 eng d</controlfield>
  <datafield tag="100" ind1=" " ind2=" ">
    <subfield code="a">Bansal, Hansal and Mishra, Swati Dubey </subfield>
    <subfield code="9">52354</subfield>
  </datafield>
  <datafield tag="245" ind1=" " ind2=" ">
    <subfield code="a">Assessing the applicability and significance of handwriting analysis in Indian legal cases: A critical review </subfield>
  </datafield>
  <datafield tag="260" ind1=" " ind2=" ">
    <subfield code="a">Indian Police Journal  </subfield>
  </datafield>
  <datafield tag="300" ind1=" " ind2=" ">
    <subfield code="a">69(4), Oct-Dec, 2024: p.138-147</subfield>
  </datafield>
  <datafield tag="520" ind1=" " ind2=" ">
    <subfield code="a">Handwriting analysis is essential to forensic document examination since it provides crucial information about authorship and evidence in various Indian legal issues. Handwriting analysis has been used as a crucial forensic tool to establish authorship, confirm signatures, or connect suspects to crime locations. However, there have been concerns and disagreements regarding the accuracy and dependability of handwriting analysis as admissible evidence in Indian courts. This study thoroughly analyzes the conclusions about handwriting analysis in Indian legal processes. The main objective is to assess handwriting analysis&#x2019;s applicability, dependability, and significance in the Indian legal system. This work aims to improve our comprehension of the function and limitations of handwriting analysis in Indian courts by carefully reviewing significant rulings and their implications. &#x2013; Reproduced 

https://bprd.nic.in/uploads/pdf/October-December_2022.pdf
</subfield>
  </datafield>
  <datafield tag="773" ind1=" " ind2=" ">
    <subfield code="a">Indian Police Journal  </subfield>
  </datafield>
  <datafield tag="906" ind1=" " ind2=" ">
    <subfield code="a">POLICING</subfield>
  </datafield>
  <datafield tag="942" ind1=" " ind2=" ">
    <subfield code="c">AR</subfield>
  </datafield>
  <datafield tag="952" ind1=" " ind2=" ">
    <subfield code="0">0</subfield>
    <subfield code="1">0</subfield>
    <subfield code="2">ddc</subfield>
    <subfield code="4">0</subfield>
    <subfield code="7">0</subfield>
    <subfield code="9">401239</subfield>
    <subfield code="a">IIPA</subfield>
    <subfield code="b">IIPA</subfield>
    <subfield code="d">2024-05-14</subfield>
    <subfield code="h">69(4), Oct-Dec, 2024: p.138-147</subfield>
    <subfield code="p">AR131915</subfield>
    <subfield code="r">2024-05-14</subfield>
    <subfield code="y">AR</subfield>
  </datafield>
</record>
